| 000 | 00473nam a2200169Ia 4500 | ||
|---|---|---|---|
| 003 | GCL | ||
| 008 | 140319s9999 xx 000 0 eng d | ||
| 040 |
_aGCL / _cGCL |
||
| 082 | 0 | 4 |
_a910.202 _bM O |
| 100 | 1 | _aMEGALLI, MARY DUNGAN | |
| 245 | 1 | 0 |
_aON THE ROAD IN EGYPT MOTORIST'S GUIDE / _cMEGALLI, MARY DUNGAN |
| 260 |
_a[S.N] : _bTHE AMERICAN UNIVERSITY IN CAIRO PRESS ، _c1989 |
||
| 300 | _a69 | ||
| 650 | 0 | 4 | _aWORLD TRAVEL GUIDES |
| 650 | 0 | 4 | _aEGYPT |
| 942 |
_2ddc _cBK |
||
| 999 |
_c13290 _d13290 |
||